[Event "BL2-West 2122"]
[Site "Germany"]
[Date "2022.05.01"]
[Round "4.8"]
[White "Mazarov, Juergen"]
[Black "Rott, Georg"]
[Result "0-1"]
[WhiteElo "2131"]
[BlackElo "2149"]
[PlyCount "148"]
[EventDate "2022.03.05"]
[EventType "team-tourn"]
[EventRounds "10"]
[EventCountry "GER"]
[SourceTitle "EXT 2023"]
[Source "ChessBase"]
[SourceDate "2022.10.05"]
[SourceVersion "1"]
[SourceVersionDate "2022.10.05"]
[SourceQuality "1"]
[WhiteTeam "Bochum"]
[BlackTeam "Muenster"]
[WhiteTeamCountry "GER"]
[BlackTeamCountry "GER"]

1. Nf3 d5 2. g3 e6 3. Bg2 c5 4. 0-0 Nc6 5. d3 Nf6 6. Nbd2 Be7 7. e4 dxe4 8. dxe4 0-0 9. Qe2 e5 10. c3 Be6 11. Ng5 Bg4 12. f3 Bd7 13. f4 Bg4 14. Ngf3 exf4 15. gxf4 Nh5 16. Nb3 Qc8 17. Be3 b6 18. Qf2 Bh3 19. Kh1 Nf6 20. Bxh3 Qxh3 21. Nbd2 Ng4 22. Qe2 Nxe3 23. Qxe3 Rad8 24. Rg1 Rd7 25. Rg3 Qh6 26. Rag1 g6 27. e5 f5 28. e6 Rd5 29. Nc4 Rfd8 30. Nce5 Nxe5 31. Nxe5 Rd1 32. Nf7 Qh4 33. Nxd8 Rxd8 34. Qe5 Qf6 35. Qxf6 Bxf6 36. Re3 Be7 37. Re2 Kg7 38. Kg2 Kf6 39. Rge1 Rd3 40. Re3 Rd2+ 41. R1e2 Rd1 42. Rh3 Kg7 43. Rf3 Kf6 44. Rff2 Rd3 45. Rf3 Rd1 46. Kg3 Rg1+ 47. Kf2 Rd1 48. Rfe3 Rd6 49. Ke1 b5 50. Re5 Ra6 51. a3 Ra4 52. Rd5 Rxf4 53. Rd7 Ra4 54. Rb7 a6 55. Rb6 b4 56. cxb4 cxb4 57. axb4 Rxb4 58. Rxa6 Rb3 59. Kd1 g5 60. Kc2 Rb5 61. Rc6 h5 62. Kc3 g4 63. Rc4 Kg5 64. Kd3 f4 65. Rce4 Kf5 66. Kc4 Rc5+ 67. Kd4 f3 68. Re5+ Rxe5 69. Rxe5+ Kf4 70. Re1 f2 71. Rf1 Kf3 72. Kd3 h4 73. b3 g3 74. hxg3 hxg3 0-1

[Event "Oberliga NRW 1920"]
[Site "Germany"]
[Date "2019.11.10"]
[Round "3.8"]
[White "Mazarov, Juergen"]
[Black "Voss, Gunther"]
[Result "1/2-1/2"]
[WhiteElo "2040"]
[BlackElo "2068"]
[PlyCount "23"]
[EventDate "2019.09.15"]
[EventType "team-tourn"]
[EventRounds "9"]
[EventCountry "GER"]
[SourceTitle "CBM 195 Extra"]
[Source "ChessBase"]
[SourceDate "2020.05.31"]
[SourceVersion "1"]
[SourceVersionDate "2020.05.31"]
[SourceQuality "1"]
[WhiteTeam "Bochum SG"]
[BlackTeam "Muelheim Nord II"]
[WhiteTeamCountry "GER"]
[BlackTeamCountry "GER"]

1. e4 c5 2. Nf3 d6 3. d4 cxd4 4. Nxd4 Nf6 5. Nc3 a6 6. f3 e5 7. Nb3 Be7 8. Be3 Be6 9. Be2 0-0 10. 0-0 Nbd7 11. Qd2 Nb6 12. Kh1 1/2-1/2

[Event "Ruhrgebiet Regionalliga 1819"]
[Site "Nordrheinwestfalen"]
[Date "2019.05.19"]
[Round "10.6"]
[White "Mazarov, Juergen"]
[Black "Witthaus, Martin"]
[Result "1-0"]
[WhiteElo "2057"]
[BlackElo "1732"]
[PlyCount "37"]
[EventDate "2018.09.02"]
[EventType "team-tourn"]
[EventRounds "11"]
[EventCountry "GER"]
[SourceTitle "EXT 2022"]
[Source "ChessBase"]
[SourceDate "2021.10.06"]
[SourceVersion "1"]
[SourceVersionDate "2021.10.06"]
[SourceQuality "1"]
[WhiteTeam "Bochum SG II"]
[BlackTeam "Eichlinghofen SV"]
[WhiteTeamCountry "GER"]
[BlackTeamCountry "GER"]

1. e4 c6 2. d4 d5 3. Nd2 dxe4 4. Nxe4 Bf5 5. Ng3 Bg6 6. f4 e6 7. Nf3 Nd7 8. Bd3 Bd6 9. 0-0 Bxd3 10. Qxd3 Ne7 11. f5 Bxg3 12. fxe6 Bxh2+ 13. Kxh2 fxe6 14. Ng5 Nf6 15. Bf4 Qd5 16. Rad1 0-0-0 17. Nxe6 Qh5+ 18. Kg1 Rdg8 19. Qa3 1-0

[Event "Ruhrgebiet Regionalliga 1819"]
[Site "Nordrheinwestfalen"]
[Date "2019.03.03"]
[Round "8.5"]
[White "Stefaniak, Christian"]
[Black "Mazarov, Juergen"]
[Result "1/2-1/2"]
[WhiteElo "1899"]
[BlackElo "2057"]
[PlyCount "95"]
[EventDate "2018.09.02"]
[EventType "team-tourn"]
[EventRounds "11"]
[EventCountry "GER"]
[SourceTitle "EXT 2022"]
[Source "ChessBase"]
[SourceDate "2021.10.06"]
[SourceVersion "1"]
[SourceVersionDate "2021.10.06"]
[SourceQuality "1"]
[WhiteTeam "Oberhausen SV II"]
[BlackTeam "Bochum SG II"]
[WhiteTeamCountry "GER"]
[BlackTeamCountry "GER"]

1. e4 c5 2. Nf3 d6 3. c3 Nf6 4. Bc4 e6 5. Qe2 Be7 6. 0-0 0-0 7. d4 cxd4 8. cxd4 Nxe4 9. Qxe4 d5 10. Qd3 dxc4 11. Qxc4 a6 12. Rd1 b5 13. Qd3 Bb7 14. Bf4 Nd7 15. Nc3 Nf6 16. a3 Rc8 17. h3 Nd5 18. Bd2 Nxc3 19. Bxc3 Qd5 20. Qe2 Bf6 21. Rd2 Rfd8 22. Qf1 h6 23. Rdd1 Be7 24. Ne1 Bd6 25. Nc2 Bb8 26. Ne3 Qd6 27. g3 Qc6 28. Kh2 Qf3 29. Ng2 Rd5 30. Rd3 Qh5 31. f4 Rdd8 32. Qd1 Qd5 33. Qe2 Bc7 34. Rf1 a5 35. Rf2 Rb8 36. Qd2 a4 37. Ba5 Rbc8 38. Bc3 Bb6 39. Qd1 Qe4 40. Re3 Qc6 41. Rd3 Qc7 42. Qe1 Rd7 43. Qe3 Rcd8 44. Rd1 Bd5 45. Rfd2 Bb3 46. Re1 Qa7 47. Ree2 Qc7 48. Nh4 1/2-1/2

[Event "NRW Class2 1718"]
[Site "Germany"]
[Date "2018.04.29"]
[Round "9.7"]
[White "Mazarov, Juergen"]
[Black "Pfleger, Sascha"]
[Result "0-1"]
[WhiteElo "2075"]
[BlackElo "1999"]
[PlyCount "65"]
[EventDate "2017.09.17"]
[EventType "team-tourn"]
[EventRounds "9"]
[EventCountry "GER"]
[SourceTitle "EXT 2019"]
[Source "ChessBase"]
[SourceDate "2018.10.10"]
[SourceVersion "1"]
[SourceVersionDate "2018.10.10"]
[SourceQuality "1"]
[WhiteTeam "Bochum SG II"]
[BlackTeam "Letmathe"]
[WhiteTeamCountry "GER"]
[BlackTeamCountry "GER"]

1. e4 e6 2. d4 d5 3. e5 c5 4. f4 f5 5. Nf3 cxd4 6. Nbd2 Ne7 7. Nb3 Nec6 8. Nbxd4 Nxd4 9. Nxd4 a6 10. Be3 Be7 11. Be2 0-0 12. Qd2 Nc6 13. 0-0-0 Qa5 14. Nxc6 Qxd2+ 15. Rxd2 bxc6 16. h3 Bb7 17. Rf1 c5 18. Bf3 Rab8 19. c3 a5 20. Kb1 Ba6 21. Rg1 Kh8 22. g4 fxg4 23. hxg4 d4 24. cxd4 cxd4 25. Bxd4 Rxf4 26. Ba7 Rbf8 27. Bd1 Bb4 28. Rh2 Bd3+ 29. Ka1 Rf1 30. Rhh1 R1f7 31. Be3 Be4 32. a3 Bxh1 33. axb4 0-1

[Event "NRW Class2 1718"]
[Site "Germany"]
[Date "2018.04.08"]
[Round "8.7"]
[White "Bruchmann, Norbert"]
[Black "Mazarov, Juergen"]
[Result "1-0"]
[WhiteElo "1996"]
[BlackElo "2075"]
[PlyCount "79"]
[EventDate "2017.09.17"]
[EventType "team-tourn"]
[EventRounds "9"]
[EventCountry "GER"]
[SourceTitle "EXT 2019"]
[Source "ChessBase"]
[SourceDate "2018.10.10"]
[SourceVersion "1"]
[SourceVersionDate "2018.10.10"]
[SourceQuality "1"]
[WhiteTeam "Ennepe Ruhr Sued"]
[BlackTeam "Bochum SG II"]
[WhiteTeamCountry "GER"]
[BlackTeamCountry "GER"]

1. e4 c5 2. Nc3 a6 3. g3 b5 4. Bg2 Bb7 5. Nge2 e6 6. 0-0 Qc7 7. d3 d6 8. f4 Be7 9. f5 Nf6 10. fxe6 fxe6 11. Nf4 Bc8 12. Bh3 b4 13. Na4 e5 14. Ne6 Bxe6 15. Bxe6 Nc6 16. Bg5 Nd8 17. Bc4 Nf7 18. Bxf7+ Kxf7 19. Qh5+ Kg8 20. Qh3 Qc8 21. Rf5 Qe6 22. Bxf6 Bxf6 23. Nb6 Rf8 24. Raf1 h5 25. Nd5 Rh6 26. b3 Rf7 27. Kg2 Rf8 28. Rxh5 Qxh3+ 29. Rxh3 Rg6 30. Rh5 Rb8 31. Rhf5 Kf7 32. h4 Ke6 33. h5 Rg5 34. Rxg5 Bxg5 35. Rf5 Bc1 36. g4 a5 37. Kh3 Rb7 38. g5 a4 39. h6 axb3 40. axb3 1-0

[Event "NRW Class2 1617"]
[Site "Germany"]
[Date "2017.02.12"]
[Round "6.7"]
[White "Mazarov, Juergen"]
[Black "Pfleger, Sascha"]
[Result "1-0"]
[WhiteElo "2143"]
[BlackElo "2067"]
[PlyCount "79"]
[EventDate "2016.09.25"]
[EventType "team-tourn"]
[EventRounds "9"]
[EventCountry "GER"]
[SourceTitle "EXT 2023"]
[Source "ChessBase"]
[SourceDate "2022.10.05"]
[SourceVersion "1"]
[SourceVersionDate "2022.10.05"]
[SourceQuality "1"]
[WhiteTeam "Bochum SG II"]
[BlackTeam "Letmathe"]
[WhiteTeamCountry "GER"]
[BlackTeamCountry "GER"]

1. e4 e6 2. d4 d5 3. Nd2 Ne7 4. exd5 exd5 5. Bd3 Ng6 6. Ne2 Bd6 7. 0-0 0-0 8. c3 Qf6 9. f4 c5 10. Nf3 Nh4 11. Ne5 Nc6 12. Kh1 c4 13. Bc2 Bf5 14. Bxf5 Qxf5 15. Ng3 Qc8 16. Qh5 Ng6 17. Nxg6 hxg6 18. Qxd5 Qc7 19. Qxc4 Rae8 20. Bd2 Qe7 21. Rae1 Qh4 22. Ne4 Bb8 23. Qd3 Ne7 24. Qg3 Qh5 25. Qg5 Nd5 26. Qxh5 gxh5 27. g3 Re6 28. Nc5 Rb6 29. b3 Nf6 30. c4 Bd6 31. Nd3 Ra6 32. a4 Rc6 33. d5 Rc7 34. Bc3 Nd7 35. Bd4 a6 36. Rc1 Rfc8 37. Kg2 b5 38. axb5 axb5 39. cxb5 Rb8 40. Rc6 1-0

[Event "NRW Class2 1617"]
[Site "Germany"]
[Date "2016.12.11"]
[Round "4.6"]
[White "Hanisch, Bernd"]
[Black "Mazarov, Juergen"]
[Result "0-1"]
[WhiteElo "2100"]
[BlackElo "2143"]
[PlyCount "58"]
[EventDate "2016.09.25"]
[EventType "team-tourn"]
[EventRounds "9"]
[EventCountry "GER"]
[SourceTitle "EXT 2023"]
[Source "ChessBase"]
[SourceDate "2022.10.05"]
[SourceVersion "1"]
[SourceVersionDate "2022.10.05"]
[SourceQuality "1"]
[WhiteTeam "Herford Koenigsspringer"]
[BlackTeam "Bochum SG II"]
[WhiteTeamCountry "GER"]
[BlackTeamCountry "GER"]

1. c4 c5 2. Nf3 Nf6 3. d4 cxd4 4. Nxd4 b6 5. Nc3 Bb7 6. Bg5 d6 7. Bxf6 gxf6 8. e4 Nc6 9. g3 Qd7 10. Bg2 0-0-0 11. 0-0 e6 12. a4 Kb8 13. Nxc6+ Qxc6 14. a5 Qxc4 15. axb6 axb6 16. Ra4 Qc5 17. Qb3 Rc8 18. Rfa1 Be7 19. Ra7 Qc6 20. Nb5 f5 21. Qa4 Rcd8 22. Ra3 d5 23. exd5 Qc1+ 24. Bf1 Bxa3 25. bxa3 Rxd5 26. Rxb7+ Kxb7 27. Qa7+ Kc8 28. Qa8+ Kd7 29. Qxh8 Rxb5 0-1

[Event "Ruhrgebiet Verbandsliga Gruppe 1 1516"]
[Site "Germany"]
[Date "2015.11.29"]
[Round "4.2"]
[White "Mazarov, Juergen"]
[Black "Ganzer, Uwe"]
[Result "1/2-1/2"]
[WhiteElo "2068"]
[BlackElo "2096"]
[PlyCount "61"]
[EventDate "2015.09.06"]
[EventType "team-tourn"]
[EventRounds "9"]
[EventCountry "GER"]
[SourceTitle "EXT 2022"]
[Source "ChessBase"]
[SourceDate "2021.10.06"]
[SourceVersion "1"]
[SourceVersionDate "2021.10.06"]
[SourceQuality "1"]
[WhiteTeam "Bochum SG III"]
[BlackTeam "Dortmund SV"]
[WhiteTeamCountry "GER"]
[BlackTeamCountry "GER"]

1. e4 c5 2. Nf3 e6 3. d4 cxd4 4. Nxd4 a6 5. Nc3 Qc7 6. Bd3 Nf6 7. 0-0 Nc6 8. Nxc6 bxc6 9. Qe2 d6 10. f4 Nd7 11. b3 Be7 12. Bb2 Bf6 13. Kh1 0-0 14. Rae1 e5 15. Nd1 exf4 16. Bxf6 Nxf6 17. Rxf4 Nd7 18. Ne3 Ne5 19. Nf5 a5 20. Rh4 Ng6 21. Rg4 Qd8 22. Rf1 Bxf5 23. exf5 Ne5 24. f6 g6 25. Rh4 Re8 26. Rxh7 Re6 27. Rg7+ Kf8 28. Rh7 Kg8 29. Rg7+ Kf8 30. Rh7 Kg8 31. Rg7+ 1/2-1/2

[Event "Ruhrgebiet Verbandsliga Gruppe 1 1516"]
[Site "Germany"]
[Date "2015.09.27"]
[Round "2.2"]
[White "Mazarov, Juergen"]
[Black "Oberbarnscheidt, Ludger"]
[Result "1/2-1/2"]
[WhiteElo "2068"]
[BlackElo "2054"]
[PlyCount "49"]
[EventDate "2015.09.06"]
[EventType "team-tourn"]
[EventRounds "9"]
[EventCountry "GER"]
[SourceTitle "EXT 2022"]
[Source "ChessBase"]
[SourceDate "2021.10.06"]
[SourceVersion "1"]
[SourceVersionDate "2021.10.06"]
[SourceQuality "1"]
[WhiteTeam "Bochum SG III"]
[BlackTeam "Hoentrop SG"]
[WhiteTeamCountry "GER"]
[BlackTeamCountry "GER"]

1. e4 e6 2. d4 d5 3. Nd2 Nf6 4. e5 Nfd7 5. f4 c5 6. c3 Nc6 7. Ndf3 cxd4 8. cxd4 a5 9. Bd3 a4 10. Ne2 Nb6 11. 0-0 Be7 12. Kh1 g6 13. g4 h5 14. gxh5 Rxh5 15. Bd2 Nc4 16. Qc2 Rh8 17. Bxc4 dxc4 18. Qxc4 Bd7 19. d5 exd5 20. Qxd5 Qb6 21. Bc3 Be6 22. Qe4 Bf5 23. Qc4 Be6 24. Qe4 Bf5 25. Qc4 1/2-1/2

[Event "Ruhrgebiet Verbandsliga Gruppe 2 1415"]
[Site "Germany"]
[Date "2015.04.26"]
[Round "9.1"]
[White "Grosse Frintrop, Gerd"]
[Black "Mazarov, Juergen"]
[Result "1-0"]
[WhiteElo "1945"]
[BlackElo "2111"]
[PlyCount "68"]
[EventDate "2014.09.21"]
[EventType "team-tourn"]
[EventRounds "9"]
[EventCountry "GER"]
[SourceTitle "EXT 2022"]
[Source "ChessBase"]
[SourceDate "2021.10.06"]
[SourceVersion "1"]
[SourceVersionDate "2021.10.06"]
[SourceQuality "1"]
[WhiteTeam "Buer SF"]
[BlackTeam "Bochum SG III"]
[WhiteTeamCountry "GER"]
[BlackTeamCountry "GER"]

1. d4 d5 2. c4 c6 3. cxd5 cxd5 4. Nc3 Nf6 5. Nf3 Nc6 6. a3 e6 7. Bg5 Be7 8. e3 Ne4 9. Nxe4 dxe4 10. Bxe7 Qxe7 11. Nd2 f5 12. b4 0-0 13. Bc4 Kh8 14. Qb3 Bd7 15. 0-0 Rf6 16. f4 Rh6 17. g3 Rg8 18. Qc3 Qf6 19. Rac1 Ne7 20. b5 Bc8 21. Bb3 a6 22. bxa6 bxa6 23. Qc7 g5 24. fxg5 Qxg5 25. Qf4 Qxf4 26. Rxf4 Rd8 27. Rf2 Ng6 28. Nc4 Bd7 29. Nd6 Kg7 30. Rc7 Nf8 31. d5 Kf6 32. dxe6 Bxe6 33. Bxe6 Kxe6 34. Nxf5 Rf6 1-0

[Event "Ruhrgebiet Verbandsliga Gruppe 2 1415"]
[Site "Germany"]
[Date "2015.01.18"]
[Round "5"]
[White "Kordonowski, Frank"]
[Black "Mazarov, Juergen"]
[Result "1/2-1/2"]
[WhiteElo "1917"]
[BlackElo "2111"]
[PlyCount "77"]
[EventDate "2014.09.21"]
[EventType "team-tourn"]
[EventRounds "9"]
[EventCountry "GER"]
[SourceTitle "EXT 2022"]
[Source "ChessBase"]
[SourceDate "2021.10.06"]
[SourceVersion "1"]
[SourceVersionDate "2021.10.06"]
[SourceQuality "1"]
[WhiteTeam "Altenessen"]
[BlackTeam "Bochum SG III"]
[WhiteTeamCountry "GER"]
[BlackTeamCountry "GER"]

1. e4 c5 2. Nc3 a6 3. Bc4 e6 4. a4 d6 5. f4 Nf6 6. Ba2 Be7 7. Nf3 Nc6 8. d3 0-0 9. 0-0 Rb8 10. Qe1 b5 11. axb5 axb5 12. Bd2 Kh8 13. Ne2 c4 14. Ng3 cxd3 15. cxd3 b4 16. Rc1 Bd7 17. Kh1 Qa5 18. Bb3 Qb5 19. Bc4 Qb7 20. d4 Na5 21. Ba2 Bb5 22. Rg1 Bc6 23. Ng5 h6 24. Nxf7+ Rxf7 25. Bxe6 Rff8 26. d5 Bd7 27. Bxd7 Nxd7 28. Nf5 Nc5 29. Qg3 Rxf5 30. exf5 Qxd5 31. Rce1 Ne4 32. Qe3 Qxd2 33. Qxe4 Bf6 34. Ra1 Nb3 35. Ra8 Rxa8 36. Qxa8+ Kh7 37. Qe8 Qxf4 38. Qg6+ Kh8 39. Qe8+ 1/2-1/2

[Event "NRW Class1 1314"]
[Site "Germany"]
[Date "2013.09.15"]
[Round "1.4"]
[White "Wessendorf, Thomas"]
[Black "Mazarov, Juergen"]
[Result "1-0"]
[WhiteElo "2181"]
[BlackElo "2126"]
[PlyCount "85"]
[EventDate "2013.09.15"]
[EventType "team-tourn"]
[EventRounds "9"]
[EventCountry "GER"]
[SourceTitle "EXT 2015"]
[Source "ChessBase"]
[SourceDate "2014.11.20"]
[SourceVersion "1"]
[SourceVersionDate "2014.11.20"]
[SourceQuality "1"]
[WhiteTeam "Katernberg II"]
[BlackTeam "Bochum II"]
[WhiteTeamCountry "GER"]
[BlackTeamCountry "GER"]

1. e4 e5 2. Nf3 Nf6 3. Nxe5 d6 4. Nf3 Nxe4 5. d4 d5 6. Bd3 Nc6 7. 0-0 Be7 8. Re1 Bg4 9. c4 Nf6 10. cxd5 Bxf3 11. Qxf3 Qxd5 12. Qh3 Qxd4 13. Nc3 Rd8 14. Bf5 0-0 15. Be3 Qb4 16. a3 Qxb2 17. Bg5 h6 18. Reb1 Qxa1 19. Rxa1 hxg5 20. Qg3 Bd6 21. Qxg5 Be5 22. Qe3 Nd5 23. Qh3 g6 24. Bc2 Bxc3 25. Rb1 Rfe8 26. g3 Nd4 27. Ba4 Re1+ 28. Rxe1 Bxe1 29. Kf1 Bc3 30. Qg4 b5 31. Bd1 Ne6 32. Bb3 c5 33. h4 c4 34. Bc2 Ng7 35. Qf3 a5 36. Be4 Nf6 37. Bxg6 fxg6 38. Qxc3 Nd5 39. Qxa5 Rb8 40. Qa6 Rb6 41. Qa8+ Kh7 42. Qxd5 b4 43. Qc5 1-0

[Event "GER-chT U20"]
[Site "Osnabrueck"]
[Date "2012.12.30"]
[Round "7.2"]
[White "Mazarov, Juergen"]
[Black "Mueller, Richard"]
[Result "0-1"]
[WhiteElo "2142"]
[BlackElo "2117"]
[PlyCount "46"]
[EventDate "2012.12.27"]
[EventType "team-swiss"]
[EventRounds "7"]
[EventCountry "GER"]
[SourceTitle "EXT 2014"]
[Source "ChessBase"]
[SourceDate "2013.11.20"]
[SourceVersion "1"]
[SourceVersionDate "2013.11.20"]
[SourceQuality "1"]
[WhiteTeam "Bochum SG"]
[BlackTeam "Coswig 1920"]
[WhiteTeamCountry "GER"]
[BlackTeamCountry "GER"]

1. e4 g6 2. h4 d5 3. exd5 Nf6 4. Nc3 Nxd5 5. Nxd5 Qxd5 6. h5 Bg7 7. hxg6 hxg6 8. Rxh8+ Bxh8 9. Qf3 Qe5+ 10. Ne2 Nc6 11. c3 Qa5 12. d4 Bf5 13. g4 Be6 14. Bd2 0-0-0 15. Bg2 Bd5 16. Qh3 Bxg2 17. Qxg2 Qb5 18. b3 Qd3 19. Qg3 Qc2 20. Bf4 Bg7 21. Kf1 e5 22. Bxe5 Bxe5 23. dxe5 Rd1+ 0-1

[Event "GER-chT U20"]
[Site "Osnabrueck"]
[Date "2012.12.27"]
[Round "1.2"]
[White "Mazarov, Juergen"]
[Black "Carow, Annelen"]
[Result "1-0"]
[WhiteElo "2142"]
[BlackElo "2079"]
[PlyCount "61"]
[EventDate "2012.12.27"]
[EventType "team-swiss"]
[EventRounds "7"]
[EventCountry "GER"]
[SourceTitle "EXT 2014"]
[Source "ChessBase"]
[SourceDate "2013.11.20"]
[SourceVersion "1"]
[SourceVersionDate "2013.11.20"]
[SourceQuality "1"]
[WhiteTeam "Bochum SG"]
[BlackTeam "Heidesheim"]
[WhiteTeamCountry "GER"]
[BlackTeamCountry "GER"]

1. e4 c5 2. Nf3 e6 3. d4 cxd4 4. Nxd4 a6 5. Bd3 Nf6 6. 0-0 Qc7 7. Qe2 d6 8. Kh1 Be7 9. f4 Nbd7 10. Nc3 0-0 11. Bd2 b5 12. Rae1 Nc5 13. Rf3 Rd8 14. Rh3 e5 15. Nf5 b4 16. Nd5 Nxd5 17. exd5 Bf6 18. Qh5 h6 19. Nxh6+ Kf8 20. Nf5 Bxf5 21. Qxf5 Nxd3 22. Qxd3 a5 23. c3 Rab8 24. c4 Rbc8 25. b3 Qc5 26. Be3 Qc7 27. fxe5 Bxe5 28. Bd4 g6 29. Bxe5 dxe5 30. Qg3 Re8 31. Qg5 1-0

[Event "Oberliga NRW 1112"]
[Site "Germany"]
[Date "2012.04.29"]
[Round "9.3"]
[White "Piceu, Tom"]
[Black "Mazarov, Juergen"]
[Result "1/2-1/2"]
[WhiteElo "2339"]
[BlackElo "2133"]
[PlyCount "48"]
[EventDate "2011.09.18"]
[EventType "team-tourn"]
[EventRounds "9"]
[EventCountry "GER"]
[SourceTitle "EXT 2015"]
[Source "ChessBase"]
[SourceDate "2014.11.20"]
[SourceVersion "1"]
[SourceVersionDate "2014.11.20"]
[SourceQuality "1"]
[WhiteTeam "Aachen SV"]
[BlackTeam "Bochum SG II"]
[WhiteTeamCountry "GER"]
[BlackTeamCountry "GER"]

1. d4 d5 2. c4 c6 3. Nf3 Nf6 4. Nc3 dxc4 5. e4 b5 6. e5 Nd5 7. Ne4 e6 8. Be2 h6 9. a4 a6 10. 0-0 Bb7 11. h3 Nd7 12. Nh2 c5 13. b3 cxd4 14. bxc4 bxc4 15. Qxd4 Qb6 16. Qxb6 N5xb6 17. Nd6+ Bxd6 18. exd6 Bd5 19. a5 Nc8 20. Ba3 Na7 21. Bf3 Bxf3 22. Nxf3 Nb5 23. Bb4 0-0 24. Rac1 Rfc8 1/2-1/2

[Event "Oberliga NRW 1112"]
[Site "Germany"]
[Date "2012.02.05"]
[Round "6.3"]
[White "Mazarov, Juergen"]
[Black "Dresen, Ulrich"]
[Result "1-0"]
[WhiteElo "2133"]
[BlackElo "2166"]
[PlyCount "131"]
[EventDate "2011.09.18"]
[EventType "team-tourn"]
[EventRounds "9"]
[EventCountry "GER"]
[SourceTitle "EXT 2015"]
[Source "ChessBase"]
[SourceDate "2014.11.20"]
[SourceVersion "1"]
[SourceVersionDate "2014.11.20"]
[SourceQuality "1"]
[WhiteTeam "Bochum SG II"]
[BlackTeam "Gerresheim"]
[WhiteTeamCountry "GER"]
[BlackTeamCountry "GER"]

1. e4 d6 2. d4 Nf6 3. Nc3 e5 4. dxe5 dxe5 5. Qxd8+ Kxd8 6. Bc4 Ke8 7. f3 c6 8. Be3 Nbd7 9. a4 a5 10. Nge2 Bc5 11. Nd1 Ke7 12. Nc1 Bxe3 13. Nxe3 Nc5 14. Nb3 Nxb3 15. Bxb3 Rd8 16. Ke2 Ne8 17. Rhd1 Rxd1 18. Rxd1 Nd6 19. Kf2 Be6 20. Rd3 g6 21. Bxe6 Kxe6 22. Ke2 h5 23. c4 b6 24. Rb3 Ra6 25. c5 bxc5 26. Kd3 Ra7 27. Rb6 Kd7 28. Nc4 Nxc4 29. Kxc4 Kd6 30. h4 f5 31. Rb3 fxe4 32. fxe4 Rf7 33. Rg3 Rf6 34. b3 Kc7 35. Kxc5 Rf7 36. Kc4 Rf4 37. Rxg6 Rxh4 38. Kc5 Rxe4 39. Rxc6+ Kb7 40. Rh6 h4 41. Kb5 Rb4+ 42. Kxa5 Rxb3 43. Rxh4 Kc6 44. Rb4 Rg3 45. Rb2 Rg8 46. Rc2+ Kb7 47. Kb5 e4 48. Re2 Rg5+ 49. Kc4 Rg4 50. Kd5 Kc7 51. Ke5 e3 52. Kf5 Rxa4 53. Rxe3 Kd8 54. g4 Ra5+ 55. Kf6 Ra1 56. g5 Rf1+ 57. Kg7 Rf2 58. g6 Rg2 59. Kf7 Rf2+ 60. Kg8 Rf1 61. g7 Rf2 62. Re4 Rf1 63. Kh7 Rh1+ 64. Kg6 Rg1+ 65. Kf6 Rg2 66. Re5 1-0

[Event "GER-chT U20"]
[Site "Osnabrueck"]
[Date "2011.12.30"]
[Round "7.2"]
[White "Mazarov, Juergen"]
[Black "Lock, Adrian"]
[Result "1-0"]
[WhiteElo "2111"]
[BlackElo "2021"]
[PlyCount "73"]
[EventDate "2011.12.27"]
[EventType "team-swiss"]
[EventRounds "7"]
[EventCountry "GER"]
[SourceTitle "CBM 146 Extra"]
[Source "ChessBase"]
[SourceDate "2012.02.29"]
[SourceVersion "1"]
[SourceVersionDate "2012.02.29"]
[SourceQuality "1"]
[WhiteTeam "Bochum 31"]
[BlackTeam "Hamburg Koenigsspringer"]
[WhiteTeamCountry "GER"]
[BlackTeamCountry "GER"]

1. e4 d6 2. d4 Nf6 3. Nc3 g6 4. f4 Bg7 5. Nf3 0-0 6. e5 Nfd7 7. Bc4 e6 8. exd6 cxd6 9. 0-0 a6 10. a4 Qc7 11. Bb3 d5 12. Ne2 Nc6 13. c3 Rb8 14. Kh1 Nf6 15. f5 Qe7 16. fxg6 fxg6 17. Bf4 Ra8 18. Qd3 Na5 19. Bc2 Nc4 20. b3 Nd6 21. Ne5 Bd7 22. Ng3 Nfe4 23. Nxe4 Nxe4 24. Nxd7 Qxd7 25. Qe3 Nd6 26. Rae1 Rae8 27. Be5 Nf5 28. Qd3 Bxe5 29. Rxe5 Nd6 30. Rfe1 Ne4 31. Kg1 Rf5 32. Rxf5 exf5 33. c4 Rd8 34. b4 Kg7 35. c5 Qc7 36. b5 Qa5 37. Rb1 1-0

[Event "GER-chT U20"]
[Site "Osnabrueck"]
[Date "2011.12.28"]
[Round "3.2"]
[White "Mazarov, Juergen"]
[Black "Kyas, Marcel"]
[Result "1/2-1/2"]
[WhiteElo "2111"]
[BlackElo "2111"]
[PlyCount "35"]
[EventDate "2011.12.27"]
[EventType "team-swiss"]
[EventRounds "7"]
[EventCountry "GER"]
[SourceTitle "CBM 146 Extra"]
[Source "ChessBase"]
[SourceDate "2012.02.29"]
[SourceVersion "1"]
[SourceVersionDate "2012.02.29"]
[SourceQuality "1"]
[WhiteTeam "Bochum 31"]
[BlackTeam "Solingen"]
[WhiteTeamCountry "GER"]
[BlackTeamCountry "GER"]

1. e4 e5 2. Nf3 Nc6 3. Bb5 a6 4. Ba4 Nf6 5. d3 d6 6. c3 g6 7. 0-0 Bg7 8. Re1 0-0 9. Nbd2 Nd7 10. Nf1 Nc5 11. Bc2 f5 12. exf5 Bxf5 13. d4 Bxc2 14. Qxc2 exd4 15. Nxd4 Ne5 16. Be3 Qd7 17. Rad1 Rae8 18. b4 1/2-1/2

[Event "GER-chT U20"]
[Site "Osnabrueck"]
[Date "2011.12.28"]
[Round "4.2"]
[White "Mazarov, Juergen"]
[Black "Meissner, Felix"]
[Result "1/2-1/2"]
[WhiteElo "2111"]
[BlackElo "2248"]
[PlyCount "57"]
[EventDate "2011.12.27"]
[EventType "team-swiss"]
[EventRounds "7"]
[EventCountry "GER"]
[SourceTitle "CBM 146 Extra"]
[Source "ChessBase"]
[SourceDate "2012.02.29"]
[SourceVersion "1"]
[SourceVersionDate "2012.02.29"]
[SourceQuality "1"]
[WhiteTeam "Bochum 31"]
[BlackTeam "Hamburger SK"]
[WhiteTeamCountry "GER"]
[BlackTeamCountry "GER"]

1. e4 c5 2. Nf3 d6 3. d4 cxd4 4. Nxd4 Nf6 5. Nc3 a6 6. Be2 e5 7. Nb3 Be7 8. Bg5 Nbd7 9. a4 b6 10. 0-0 Bb7 11. f3 0-0 12. Bc4 Qc7 13. Qd3 Rfc8 14. Nd2 Nc5 15. Qe2 Ne6 16. Be3 Nd4 17. Bxd4 exd4 18. Nd5 Nxd5 19. exd5 Bg5 20. f4 Bf6 21. Rae1 Qc5 22. Kh1 b5 23. axb5 axb5 24. Bd3 Bxd5 25. Ne4 Bxe4 26. Qxe4 g6 27. f5 g5 28. Ra1 d5 29. Qe2 1/2-1/2